书目信息 |
| 题名: |
中文CoreLDRSW 11 应用实例教程
|
|
| 作者: | 廖疆星 , 张艳钗 , 张庆飒 编著 | |
| 分册: | ||
| 出版信息: | 北京 地震出版社 2003.06 |
|
| 页数: | 220页 | |
| 开本: | 26cm | |
| 丛书名: | ||
| 单 册: | ||
| 中图分类: | TP391.41 | |
| 科图分类: | ||
| 主题词: | 计算机应用 | |
| 电子资源: | ||
| ISBN: | 7-5028-2265-8 | |
| 000 | 00731nam0 2200217 45 | |
| 001 | 0436648909 | |
| 005 | 2004052010104891 | |
| 010 | @a7-5028-2265-8@dCNY 25.00 | |
| 100 | @a20040520d2003 km y0chiy0120 ea | |
| 101 | 0 | @achi |
| 102 | @aCN@b110000 | |
| 200 | 1 | @a中文CoreLDRSW 11 应用实例教程@Azhong wen CoreLDRSW 11 ying yong shi li jiao cheng@f廖疆星,张艳钗,张庆飒编著@Fliao jiang xing,zhang yan chai,zhang qing sa bian zhu |
| 210 | @a北京@c地震出版社@d2003.06 | |
| 215 | @a220页@d26cm | |
| 606 | 0 | @a计算机应用 |
| 690 | 1 | @aTP391.41@v4 |
| 701 | 0 | @a廖疆星@Aliao jiang xing@4编著 |
| 701 | 0 | @a张艳钗@Azhang yan chai@4编著 |
| 701 | 0 | @a张庆飒@Azhang qing sa@4编著 |
| 801 | 0 | @aCN@bPFT@c20040520 |
| 905 | @a10447@dTP391.41@eL4661 | |
| 中文CoreLDRSW 11 应用实例教程/廖疆星,张艳钗,张庆飒编著.-北京:地震出版社,2003.06 |
| 220页;26cm |
| ISBN 7-5028-2265-8:CNY 25.00 |
| ● |
| 相关链接 |
|
|
|
正题名:中文CoreLDRSW 11 应用实例教程
索取号:TP391.41/L4661
 
预约/预借
| 序号 | 登录号 | 条形码 | 馆藏地/架位号 | 状态 | 备注 |
| 1 | 376395 | 203763953 | 自科库301/301自科库 66排6列3层/ [索取号:TP391.41/L4661] | 在馆 | |
| 2 | 376396 | 203763962 | 自科库301/301自科库 66排6列3层/ [索取号:TP391.41/L4661] | 在馆 |